000 005760000a22001930004500
020 _a0-7899-0235-4
041 0 _aSPA
082 0 4 _aG 266.1 L881c
100 1 _aLoss, Mario
245 1 0 _aChoque transcultural : La vida misionera en un contexto cultural diferente / Mario Loss ; Virginia A. P. de Lobo, Traductor
260 _aMiami, FL., USA : Unilit
300 _a138 Pag
500 _aTítulo original : Culture shock
001 7781
942 _cBK
999 _c37986
_d37986
336 _atexto
_btxt
_2rdacontent
337 _2rdamedia
_asin mediación
_bn
338 _2rdacarrier
_avolumen
_bnc